[Event "XXVI Ogolnopolska Olimpiada Mlodziezy"]
[Site "Pulawy"]
[Date "2020.10.08"]
[Round "5.6"]
[White "Ratajczak, Hubert"]
[Black "Borowik, Wojciech"]
[Result "1/2-1/2"]
[WhiteElo "1595"]
[BlackElo "1759"]
[PlyCount "87"]
[EventDate "2020.10.04"]
[EventType "swiss"]
[Tiebreak "Sum of Buchholz+Median1 Buchholz+Sonneborn-Berger (Swiss)"]

1. e4 c5 2. Nf3 d6 3. d4 cxd4 4. Nxd4 Nf6 5. Nc3 a6 6. f3 e5 7. Nb3 Be6 8. Be3
Be7 9. Qd2 Nbd7 10. g4 h6 11. O-O-O b5 12. h4 b4 13. Nd5 Bxd5 14. exd5 Nb6 15.
Na5 Nbxd5 16. Nc6 Qd7 17. Nxb4 Nxe3 18. Qxe3 Qb7 19. Qb3 a5 20. Nd5 Qxb3 21.
cxb3 Nxd5 22. Bb5+ Kf8 23. Rxd5 g6 24. Kd2 Kg7 25. Bd3 Rhf8 26. Rb5 Rfb8 27.
Rxb8 Rxb8 28. Be4 Rc8 29. h5 Rc5 30. hxg6 fxg6 31. Ke2 d5 32. Bd3 Bg5 33. Rd1
Bc1 34. a3 Bxb2 35. b4 axb4 36. axb4 Rc7 37. b5 Bd4 38. Rd2 h5 39. gxh5 gxh5
40. Rc2 Ra7 41. Kf1 Rf7 42. Kg2 h4 43. Be2 e4 44. fxe4 1/2-1/2

[Event "XXVI Ogolnopolska Olimpiada Mlodziezy"]
[Site "Pulawy"]
[Date "2020.10.08"]
[Round "5.7"]
[White "Klim, Filip"]
[Black "Sniadecki, Oskar"]
[Result "1-0"]
[WhiteElo "1843"]
[BlackElo "1577"]
[PlyCount "39"]
[EventDate "2020.10.04"]
[EventType "swiss"]
[Tiebreak "Sum of Buchholz+Median1 Buchholz+Sonneborn-Berger (Swiss)"]

1. e4 c5 2. Nf3 d6 3. d4 cxd4 4. Nxd4 Nf6 5. Nc3 g6 6. Be3 Bg7 7. f3 O-O 8. Qd2
Nc6 9. O-O-O Nxd4 10. Bxd4 Be6 11. Kb1 Qc7 12. h4 h5 13. g4 hxg4 14. h5 Nxh5
15. Bxg7 Kxg7 16. Rxh5 gxh5 17. Qg5+ Kh7 18. Bd3 f6 19. e5+ f5 20. Rh1 1-0

[Event "XXVI Ogolnopolska Olimpiada Mlodziezy"]
[Site "Pulawy"]
[Date "2020.10.08"]
[Round "5.7"]
[White "Krupinski, Mikolaj"]
[Black "Karolczuk, Iwo"]
[Result "1/2-1/2"]
[WhiteElo "1776"]
[BlackElo "2010"]
[PlyCount "84"]
[EventDate "2020.10.04"]
[EventType "swiss"]
[Tiebreak "Sum of Buchholz+Median1 Buchholz+Sonneborn-Berger (Swiss)"]

1. e4 c5 2. Nf3 Nc6 3. d4 cxd4 4. Nxd4 e5 5. Nb5 d6 6. N1c3 a6 7. Na3 Be6 8.
Nc4 Rb8 9. Ne3 Nf6 10. g3 g6 11. Bg2 Bh6 12. O-O O-O 13. Ncd5 Bxd5 14. Nxd5
Bxc1 15. Rxc1 Nxd5 16. Qxd5 Qb6 17. Rb1 Rfd8 18. c3 Rbc8 19. Rfd1 Ne7 20. Qd2
Kg7 21. Qg5 Rc7 22. Rd3 f6 23. Qd2 Rc6 24. Bh3 Qa5 25. Be6 b5 26. h4 h5 27. f4
Qb6+ 28. Kh1 b4 29. c4 Rc5 30. Rd1 Qc6 31. Rxd6 Qxe4+ 32. Kh2 exf4 33. Qxf4
Rxd6 34. Qxd6 Qe2+ 35. Kh3 Nf5 36. Qd7+ Kh6 37. Bxf5 Rxf5 38. Qd2+ Qxd2 39.
Rxd2 g5 40. hxg5+ fxg5 41. Rd6+ Kg7 42. g4 hxg4+ 1/2-1/2

[Event "XXVI Ogolnopolska Olimpiada Mlodziezy"]
[Site "Pulawy"]
[Date "2020.10.08"]
[Round "5.7"]
[White "Mroz, Lena"]
[Black "Pietrzak, Emilia"]
[Result "1-0"]
[WhiteElo "1623"]
[BlackElo "1398"]
[PlyCount "105"]
[EventDate "2020.10.04"]
[EventType "swiss"]
[Tiebreak "Sum of Buchholz+Median1 Buchholz+Sonneborn-Berger (Swiss)"]

1. e4 c5 2. Nf3 Nc6 3. d4 cxd4 4. Nxd4 Nf6 5. Nc3 e5 6. Ndb5 d6 7. Bg5 a6 8.
Na3 b5 9. Nd5 Be7 10. Bxf6 Bxf6 11. c3 Bg5 12. Nc2 O-O 13. h4 Bh6 14. g4 g6 15.
g5 Bg7 16. a4 bxa4 17. Rxa4 a5 18. Bc4 Rb8 19. Ra2 Be6 20. Nce3 Kh8 21. Rg1 Ne7
22. h5 Nxd5 23. exd5 Bd7 24. h6 Bxh6 25. gxh6 f5 26. Qf3 Qc7 27. Qe2 f4 28. Nd1
e4 29. b3 Bh3 30. Qd2 Kg8 31. Qd4 Qe7 32. Rxa5 e3 33. Qg7+ Qxg7 34. hxg7 Kxg7
35. fxe3 Rbe8 36. Ra7+ Rf7 37. Rxf7+ Kxf7 38. Rh1 Bf5 39. Rxh7+ Kg8 40. Rh4
fxe3 41. Rh2 Kg7 42. Re2 Rh8 43. Nxe3 Be4 44. Kd2 Ra8 45. b4 g5 46. Nc2 Bf5 47.
Rf2 Be4 48. Ke3 Re8 49. Kd4 Bg6 50. Bd3 Bh5 51. Ne3 Rd8 52. Nf5+ Kh8 53. Rh2
1-0

[Event "XXVI Ogolnopolska Olimpiada Mlodziezy"]
[Site "Pulawy"]
[Date "2020.10.08"]
[Round "5.7"]
[White "Zielinska, Aleksandra"]
[Black "Lewicka, Joanna"]
[Result "0-1"]
[WhiteElo "1384"]
[BlackElo "1243"]
[PlyCount "120"]
[EventDate "2020.10.04"]
[EventType "swiss"]
[Tiebreak "Sum of Buchholz+Median1 Buchholz+Sonneborn-Berger (Swiss)"]

1. e4 e5 2. Nf3 Nc6 3. d4 exd4 4. Nxd4 Bc5 5. Be3 Qf6 6. c3 Nge7 7. Bc4 O-O 8.
O-O Qg6 9. Nf5 Bxe3 10. fxe3 d6 11. Bd3 Qg5 12. Qe2 Ne5 13. Bc2 N7c6 14. Nd2 g6
15. Nd4 Bg4 16. Qf2 Be6 17. N2f3 Qh6 18. Nxe5 Nxe5 19. Qf4 Kg7 20. Qxh6+ Kxh6
21. b3 Kg7 22. h3 c5 23. Nb5 d5 24. exd5 Bxd5 25. c4 Bc6 26. Nc3 Rad8 27. Rad1
b6 28. e4 Bb7 29. Nb5 Nc6 30. Rd6 a6 31. Rxd8 Rxd8 32. Nc3 Rd2 33. Bb1 Nb4 34.
Rd1 Rxd1+ 35. Nxd1 b5 36. Ne3 Kf6 37. a3 Nc6 38. Nd5+ Ke5 39. cxb5 axb5 40. Nc3
Nd4 41. b4 c4 42. Kf2 Bc6 43. g3 Nb3 44. Ke3 h5 45. Ke2 Kd4 46. Na2 f6 47. Bc2
g5 48. Bb1 Bd7 49. h4 Bg4+ 50. Kf2 gxh4 51. gxh4 c3 52. Bc2 Na1 53. Bb1 c2 54.
Bxc2 Nxc2 55. Nc1 Nxa3 56. Ne2+ Bxe2 57. Kxe2 Kxe4 58. Kf2 Nc2 59. Ke2 Nxb4 60.
Ke1 Ke5 0-1

[Event "XXVI Ogolnopolska Olimpiada Mlodziezy"]
[Site "Pulawy"]
[Date "2020.10.08"]
[Round "5.8"]
[White "Bar, Klaudia"]
[Black "Gaczol, Julia"]
[Result "1/2-1/2"]
[WhiteElo "1408"]
[BlackElo "1360"]
[PlyCount "99"]
[EventDate "2020.10.04"]
[EventType "swiss"]
[Tiebreak "Sum of Buchholz+Median1 Buchholz+Sonneborn-Berger (Swiss)"]

1. d4 d6 2. c4 e5 3. e3 f5 4. dxe5 dxe5 5. Qxd8+ Kxd8 6. Nc3 Be6 7. Nf3 e4 8.
Nd4 Bd7 9. Nd5 g5 10. h4 c6 11. Nc3 gxh4 12. Rxh4 Be7 13. Rh1 Nf6 14. b3 Na6
15. Bb2 Rg8 16. O-O-O Kc7 17. f3 b6 18. Kb1 Rg5 19. Nce2 Rh5 20. Rg1 Kb7 21.
Nf4 Rh6 22. Be2 Ne8 23. Rh1 Rxh1 24. Rxh1 Nf6 25. Nde6 Rg8 26. Bxf6 Bxf6 27.
Rxh7 Kc8 28. Rf7 Be5 29. Rf8+ Rxf8 30. Nxf8 exf3 31. Bxf3 Be8 32. N8e6 b5 33.
Nd4 bxc4 34. bxc4 Bxd4 35. exd4 Bf7 36. Be2 Nc7 37. Bd3 Kd8 38. Kb2 Ke7 39.
Bxf5 Bxc4 40. Be4 Nd5 41. Ng6+ Kd6 42. Ne5 Bb5 43. g4 Nf6 44. Bf3 c5 45. g5 Ne8
46. Kc3 Ng7 47. Nf7+ Ke7 48. g6 cxd4+ 49. Kxd4 Be8 50. Bd5 1/2-1/2

[Event "XXVI Ogolnopolska Olimpiada Mlodziezy"]
[Site "Pulawy"]
[Date "2020.10.08"]
[Round "5.8"]
[White "Gladyszewska, Kinga"]
[Black "Moczala, Maja"]
[Result "1-0"]
[WhiteElo "1359"]
[BlackElo "1252"]
[PlyCount "51"]
[EventDate "2020.10.04"]
[EventType "swiss"]
[Tiebreak "Sum of Buchholz+Median1 Buchholz+Sonneborn-Berger (Swiss)"]

1. c4 e6 2. Nc3 d5 3. d4 c6 4. Nf3 dxc4 5. e4 Bb4 6. Bxc4 Nf6 7. Qc2 O-O 8. O-O
Nbd7 9. a3 Ba5 10. Bg5 Bc7 11. e5 h6 12. Bh4 g5 13. Nxg5 hxg5 14. Bxg5 Bxe5 15.
dxe5 Nxe5 16. Ne4 Ned7 17. Qd3 Re8 18. Nxf6+ Nxf6 19. Qxd8 Rxd8 20. Bxf6 Rd2
21. Rad1 Rd7 22. Rxd7 Bxd7 23. Rd1 Be8 24. Rd4 c5 25. Rh4 b5 26. Rh8# 1-0

[Event "XXVI Ogolnopolska Olimpiada Mlodziezy"]
[Site "Pulawy"]
[Date "2020.10.08"]
[Round "5.8"]
[White "Madajczak, Piotr"]
[Black "Malek, Jan"]
[Result "1/2-1/2"]
[WhiteElo "1814"]
[BlackElo "1941"]
[PlyCount "96"]
[EventDate "2020.10.04"]
[EventType "swiss"]
[Tiebreak "Sum of Buchholz+Median1 Buchholz+Sonneborn-Berger (Swiss)"]

1. c4 e5 2. Nc3 Bb4 3. Nd5 Ba5 4. Nf3 c6 5. Nc3 Qe7 6. Qc2 Nf6 7. e4 O-O 8. Be2
h6 9. O-O d6 10. d3 Nbd7 11. a3 Rd8 12. Ne1 Nf8 13. b4 Bc7 14. Be3 Ne6 15. Bf3
g5 16. g3 Kh8 17. Rc1 Bb6 18. Bg2 Nd4 19. Qb2 a5 20. Ne2 axb4 21. axb4 Nxe2+
22. Qxe2 Bxe3 23. fxe3 Kg7 24. Nf3 Bg4 25. Qb2 Ra4 26. h3 Bh5 27. Ra1 Rda8 28.
Rxa4 Rxa4 29. Ra1 Rxa1+ 30. Qxa1 Bxf3 31. Bxf3 Qc7 32. Qa7 Nd7 33. Bg4 Nf6 34.
Bf5 d5 35. Kf2 dxc4 36. dxc4 Qd6 37. Qxb7 Qd2+ 38. Kf1 Qc1+ 39. Kf2 Qxc4 40.
Qe7 Qc2+ 41. Ke1 Qc3+ 42. Ke2 Qc4+ 43. Ke1 Nxe4 44. Qxe5+ Nf6 45. Qb2 Qd5 46.
e4 Qd3 47. Kf2 h5 48. Qc1 Qd4+ 1/2-1/2

[Event "XXVI Ogolnopolska Olimpiada Mlodziezy"]
[Site "Pulawy"]
[Date "2020.10.08"]
[Round "5.8"]
[White "Zielonka, Adam"]
[Black "Przybylski, Jan"]
[Result "1-0"]
[WhiteElo "1736"]
[BlackElo "1398"]
[PlyCount "65"]
[EventDate "2020.10.04"]
[EventType "swiss"]
[Tiebreak "Sum of Buchholz+Median1 Buchholz+Sonneborn-Berger (Swiss)"]

1. c4 e6 2. Nf3 Nf6 3. b3 d5 4. g3 c5 5. Bg2 d4 6. e3 dxe3 7. fxe3 Nc6 8. Bb2
Be7 9. O-O O-O 10. Nc3 h6 11. Qe2 a6 12. Rfd1 Qc7 13. Rac1 Rd8 14. Kh1 e5 15.
d3 Bg4 16. e4 Nd4 17. Qf2 Qd6 18. Nd5 Nxd5 19. exd5 b6 20. Bxd4 cxd4 21. Re1 f6
22. Nh4 Ra7 23. h3 Bd7 24. Kh2 Qc7 25. Be4 Qc8 26. Nf5 Bxf5 27. Bxf5 Qc7 28.
Be6+ Kh8 29. Qf5 Bd6 30. Qg6 Bf8 31. Rf1 Qe7 32. Bf5 Kg8 33. Qh7+ 1-0

[Event "XXVI Ogolnopolska Olimpiada Mlodziezy"]
[Site "Pulawy"]
[Date "2020.10.08"]
[Round "5.9"]
[White "Bandyk, Joanna"]
[Black "Slusarczyk, Anna"]
[Result "1/2-1/2"]
[WhiteElo "1191"]
[BlackElo "1330"]
[PlyCount "62"]
[EventDate "2020.10.04"]
[EventType "swiss"]
[Tiebreak "Sum of Buchholz+Median1 Buchholz+Sonneborn-Berger (Swiss)"]

1. e4 c5 2. Nf3 e6 3. d4 cxd4 4. Nxd4 a6 5. Bd3 Nf6 6. O-O Qc7 7. Qe2 d6 8. c4
Nbd7 9. f4 Nc5 10. Bc2 e5 11. Nf3 Be7 12. Nc3 O-O 13. Nd5 Nxd5 14. exd5 Bf6 15.
fxe5 dxe5 16. Ng5 Bxg5 17. Bxg5 f5 18. b4 Nd7 19. Bxf5 Qb6+ 20. Kh1 Qxb4 21.
Rab1 Qd6 22. Be6+ Kh8 23. Rxf8+ Nxf8 24. Bxc8 Rxc8 25. Rxb7 h6 26. Be7 Qxd5 27.
Rb1 Qe6 28. Bxf8 Rxf8 29. c5 Qf5 30. Rc1 Qf4 31. Re1 Rf6 1/2-1/2

[Event "XXVI Ogolnopolska Olimpiada Mlodziezy"]
[Site "Pulawy"]
[Date "2020.10.08"]
[Round "5.9"]
[White "Bukala, Weronika"]
[Black "Pudelko, Magdalena"]
[Result "1-0"]
[WhiteElo "1704"]
[BlackElo "1382"]
[PlyCount "47"]
[EventDate "2020.10.04"]
[EventType "swiss"]
[Tiebreak "Sum of Buchholz+Median1 Buchholz+Sonneborn-Berger (Swiss)"]

1. c4 e5 2. Nc3 Nf6 3. Nf3 Nc6 4. d3 d5 5. cxd5 Nxd5 6. e4 Nb6 7. Be3 f6 8. a4
Be6 9. a5 Nd7 10. a6 b6 11. Qa4 Na5 12. Nd2 Qe7 13. Nb5 Qd8 14. b4 Nc6 15. Rc1
Ndb8 16. d4 Bd7 17. d5 Nxb4 18. d6 Bxb5 19. Bxb5+ c6 20. Qxb4 cxb5 21. Qxb5+
Nd7 22. Qd5 Rc8 23. Qe6+ Be7 24. Rxc8 1-0

[Event "XXVI Ogolnopolska Olimpiada Mlodziezy"]
[Site "Pulawy"]
[Date "2020.10.08"]
[Round "5.9"]
[White "Musial, Igor"]
[Black "Ptaszynski, Szymon"]
[Result "1-0"]
[WhiteElo "1722"]
[BlackElo "1518"]
[PlyCount "181"]
[EventDate "2020.10.04"]
[EventType "swiss"]
[Tiebreak "Sum of Buchholz+Median1 Buchholz+Sonneborn-Berger (Swiss)"]

1. e4 c5 2. Nf3 e6 3. d4 cxd4 4. Nxd4 a6 5. c4 Nf6 6. Nc3 Bb4 7. Qd3 Qc7 8. Be2
O-O 9. O-O Bxc3 10. bxc3 d6 11. Be3 Nbd7 12. Nb3 Ne5 13. Qd4 Nc6 14. Qd3 Ne5
15. Qd4 Nc6 16. Qb6 Qxb6 17. Bxb6 Nxe4 18. Bf3 Ng5 19. Be2 f5 20. f3 Rf6 21. c5
d5 22. c4 d4 23. Rad1 Bd7 24. Nxd4 Nxd4 25. Rxd4 Bc6 26. Rd8+ Rxd8 27. Bxd8 Rg6
28. Kf2 Nf7 29. Be7 Ne5 30. h4 h5 31. Bg5 Nf7 32. f4 Nxg5 33. hxg5 e5 34. Bxh5
Re6 35. Re1 e4 36. Ke3 g6 37. Be2 Be8 38. Rb1 Bc6 39. Rd1 Kf7 40. g4 Kg7 41.
Rd6 Re7 42. gxf5 gxf5 43. Bh5 Rd7 44. Be2 Rc7 45. Kd4 Re7 46. Rf6 Rd7+ 47. Rd6
Re7 48. Ke3 Rc7 49. Rf6 Rf7 50. Rd6 Rc7 51. Rf6 Rf7 52. Rd6 Rc7 53. Bf1 Re7 54.
Bh3 Rf7 55. Re6 Bd7 56. Re5 Kg6 57. Rd5 Bc6 58. Rd6+ Kg7 59. Bf1 Re7 60. Bg2
Rc7 61. Bh3 Rf7 62. Kd4 Re7 63. Ke3 Rf7 64. Bf1 Re7 65. Be2 Rc7 66. Bh5 Bd7 67.
Rf6 Bc8 68. Kd4 Rd7+ 69. Rd6 Rc7 70. a3 Bd7 71. Rg6+ Kh8 72. Rf6 Bc6 73. Ke3
Rh7 74. Rf8+ Kg7 75. Rf7+ Kg8 76. Rxh7 Kxh7 77. Bf7 Kg7 78. Be6 Kg6 79. Bc8 a5
80. Kd4 a4 81. Ke3 Be8 82. Bxb7 Bf7 83. c6 Bxc4 84. c7 Be6 85. c8=Q Bxc8 86.
Bxc8 Kh5 87. Bxf5 Kh4 88. g6 Kh5 89. g7 Kh6 90. g8=Q Kh5 91. Qh7# 1-0

[Event "XXVI Ogolnopolska Olimpiada Mlodziezy"]
[Site "Pulawy"]
[Date "2020.10.08"]
[Round "5.9"]
[White "Wilk, Igor"]
[Black "Zdybel, Przemyslaw"]
[Result "1-0"]
[WhiteElo "1744"]
[BlackElo "1938"]
[PlyCount "71"]
[EventDate "2020.10.04"]
[EventType "swiss"]
[Tiebreak "Sum of Buchholz+Median1 Buchholz+Sonneborn-Berger (Swiss)"]

1. d4 Nf6 2. Nf3 d5 3. c4 g6 4. g3 c6 5. Bg2 Bg7 6. O-O O-O 7. Nbd2 Nbd7 8. b3
a5 9. Bb2 a4 10. Qc2 Nb6 11. c5 Bf5 12. Qc1 Nbd7 13. Nh4 Ne4 14. Nxe4 Bxe4 15.
f3 Bf5 16. e4 Be6 17. e5 f6 18. f4 fxe5 19. fxe5 Rxf1+ 20. Qxf1 b6 21. b4 bxc5
22. bxc5 Qa5 23. Qd3 Bh6 24. Bc3 Qd8 25. Nxg6 Qe8 26. Nh4 Qh5 27. Rf1 Rf8 28.
Bf3 Qg5 29. Rd1 Qg7 30. Bd2 Bxd2 31. Qxd2 Bg4 32. Rf1 Bxf3 33. Rxf3 Qg4 34. Qe3
Nb8 35. Rxf8+ Kxf8 36. Qd3 1-0

[Event "XXVI Ogolnopolska Olimpiada Mlodziezy"]
[Site "Pulawy"]
[Date "2020.10.08"]
[Round "5.10"]
[White "Bancarewicz, Aleks"]
[Black "Rog, Bartlomiej"]
[Result "0-1"]
[WhiteElo "1757"]
[BlackElo "1906"]
[PlyCount "80"]
[EventDate "2020.10.04"]
[EventType "swiss"]
[Tiebreak "Sum of Buchholz+Median1 Buchholz+Sonneborn-Berger (Swiss)"]

1. e4 c5 2. Nf3 d6 3. d4 cxd4 4. Nxd4 Nf6 5. Nc3 Nc6 6. Bg5 e6 7. Qd2 Qb6 8.
Nb3 Be7 9. f3 O-O 10. O-O-O Rd8 11. Be3 Qc7 12. Qf2 d5 13. exd5 Nxd5 14. Nxd5
Rxd5 15. Rxd5 exd5 16. g4 Bd7 17. Kb1 Ne5 18. Bf4 a5 19. Qg3 Bd6 20. Nd4 a4 21.
a3 Re8 22. Bb5 g5 23. Bxg5 Nc6 24. Qf2 Nxd4 25. Bxd7 Re2 26. Qxd4 Qxc2+ 27. Ka1
Be5 28. Bxa4 Qg6 29. Qb4 Bxb2+ 30. Qxb2 Rxb2 31. Kxb2 Qxg5 32. Rd1 Qf6+ 33. Kc2
Qxf3 34. Bb3 Qe4+ 35. Kc3 Qe3+ 36. Rd3 d4+ 37. Kc2 Qe2+ 38. Rd2 Qxg4 39. Kd3
Qf3+ 40. Kxd4 Qxb3 0-1

[Event "XXVI Ogolnopolska Olimpiada Mlodziezy"]
[Site "Pulawy"]
[Date "2020.10.08"]
[Round "5.10"]
[White "Skolska, Emilia"]
[Black "Egeman, Emilia"]
[Result "0-1"]
[WhiteElo "1401"]
[BlackElo "1534"]
[PlyCount "106"]
[EventDate "2020.10.04"]
[EventType "swiss"]
[Tiebreak "Sum of Buchholz+Median1 Buchholz+Sonneborn-Berger (Swiss)"]

1. e4 c5 2. Nf3 d6 3. d4 cxd4 4. Nxd4 Nf6 5. Nc3 a6 6. Be2 e5 7. Nb3 Be7 8. Be3
Be6 9. Bf3 Nbd7 10. a4 Nb6 11. Bxb6 Qxb6 12. O-O Rc8 13. Re1 O-O 14. Nd5 Nxd5
15. exd5 Bf5 16. c3 Bg5 17. a5 Qb5 18. Be2 Qd7 19. Nd2 Rc5 20. Nc4 Qe7 21. Bf1
Bg6 22. g3 Qd8 23. Qb3 Qc7 24. Qb6 Rxc4 25. Bxc4 Qxc4 26. Qxd6 f6 27. Qd7 Qd3
28. Qxb7 Qf3 29. Qxa6 Bf5 30. Qe2 Qxd5 31. Red1 Qc6 32. a6 Bh3 33. f3 Qb6+ 34.
Kh1 Ra8 35. b4 Qc7 36. c4 f5 37. Rd5 Bf6 38. Raa5 Qe7 39. c5 e4 40. fxe4 fxe4
41. Rd6 e3 42. b5 Qe4+ 43. Kg1 Bd4 44. Rxd4 Qxd4 45. Ra3 Qxc5 46. Ra1 Qa7 47.
Rb1 Qb6 48. Qc4+ Kh8 49. Qc6 Qd8 50. Re1 Qf8 51. Qc2 Qf3 52. Qe2 Qe4 53. b6
Rxa6 0-1

[Event "XXVI Ogolnopolska Olimpiada Mlodziezy"]
[Site "Pulawy"]
[Date "2020.10.08"]
[Round "5.11"]
[White "Bartodziej, Bartosz"]
[Black "Zmuda, Tomasz"]
[Result "1-0"]
[WhiteElo "1775"]
[BlackElo "1309"]
[PlyCount "73"]
[EventDate "2020.10.04"]
[EventType "swiss"]
[Tiebreak "Sum of Buchholz+Median1 Buchholz+Sonneborn-Berger (Swiss)"]

1. d4 d5 2. c4 e5 3. dxe5 d4 4. Nf3 Nc6 5. a3 Bg4 6. Nbd2 Nge7 7. h3 Bxf3 8.
Nxf3 Ng6 9. e3 Bc5 10. b4 Be7 11. exd4 O-O 12. Be2 Nh4 13. O-O Nxf3+ 14. Bxf3
Qxd4 15. Qxd4 Nxd4 16. Bxb7 Rad8 17. Ra2 c6 18. Be3 c5 19. Bd5 Nf5 20. Bd2 Nd4
21. Bc3 Ne6 22. b5 Nf4 23. Rd1 Rfe8 24. Ba5 Rb8 25. Bc6 Rf8 26. Kh2 Ne6 27. Bd5
Bg5 28. g3 Bd8 29. Bc3 Bc7 30. Rad2 Nd4 31. f4 Nf5 32. Rd3 Rfd8 33. Kg2 Bb6 34.
a4 Nd4 35. a5 Bc7 36. Bxd4 cxd4 37. Ra1 1-0

[Event "XXVI Ogolnopolska Olimpiada Mlodziezy"]
[Site "Pulawy"]
[Date "2020.10.08"]
[Round "5.11"]
[White "Madej, Marek"]
[Black "Halhoul, Adam"]
[Result "0-1"]
[WhiteElo "1835"]
[BlackElo "1718"]
[PlyCount "62"]
[EventDate "2020.10.04"]
[EventType "swiss"]
[Tiebreak "Sum of Buchholz+Median1 Buchholz+Sonneborn-Berger (Swiss)"]

1. e4 c5 2. Nf3 Nc6 3. Bb5 Nf6 4. e5 Nd5 5. Nc3 Nc7 6. Bxc6 dxc6 7. d3 Bg4 8.
h3 Bh5 9. Ne4 e6 10. Be3 b6 11. c4 Be7 12. Qe2 f5 13. exf6 Bxf6 14. g4 Bg6 15.
g5 Bd4 16. Nxd4 cxd4 17. Bf4 O-O 18. Be5 c5 19. f4 Na6 20. Nf2 Nb4 21. Kd2 Qd7
22. h4 Bf5 23. Ng4 Qa4 24. b3 Qa5 25. Kd1 Nxd3 26. Nh6+ gxh6 27. gxh6 Kf7 28.
Qg2 Bg4+ 29. Kc2 Qc3+ 30. Kb1 Bf3 31. Qg7+ Ke8 0-1

[Event "XXVI Ogolnopolska Olimpiada Mlodziezy"]
[Site "Pulawy"]
[Date "2020.10.08"]
[Round "5.11"]
[White "Mitrega, Wiktoria"]
[Black "Natoli, Alessia"]
[Result "1/2-1/2"]
[WhiteElo "1064"]
[BlackElo "1363"]
[PlyCount "80"]
[EventDate "2020.10.04"]
[EventType "swiss"]
[Tiebreak "Sum of Buchholz+Median1 Buchholz+Sonneborn-Berger (Swiss)"]

1. e4 c5 2. Nf3 e6 3. c3 Nc6 4. d4 cxd4 5. cxd4 d5 6. exd5 exd5 7. h3 h6 8. a3
Nf6 9. Nc3 Bd6 10. Bd3 O-O 11. O-O Be6 12. Be3 a6 13. Qd2 Re8 14. Rfe1 Bf8 15.
Rad1 b5 16. b4 Rc8 17. Na2 Qd7 18. Bf1 Ne4 19. Qb2 Nd6 20. Nd2 Nf5 21. Nb3 Red8
22. Nac1 Nd6 23. Nc5 Qa7 24. Qa2 Nc4 25. Bxc4 dxc4 26. Nxe6 fxe6 27. d5 Qb7 28.
dxc6 Qxc6 29. Rxd8 Rxd8 30. Ne2 e5 31. Qc2 Rd3 32. Bc1 a5 33. bxa5 Bxa3 34.
Bxa3 Rxa3 35. Qd1 b4 36. Qb1 Rb3 37. Qc2 Ra3 38. Rc1 b3 39. Qc3 Ra2 40. Ra1 Qa6
1/2-1/2

[Event "XXVI Ogolnopolska Olimpiada Mlodziezy"]
[Site "Pulawy"]
[Date "2020.10.08"]
[Round "5.11"]
[White "Trybus, Dominika"]
[Black "Szczotka, Matylda"]
[Result "1-0"]
[WhiteElo "1471"]
[BlackElo "1306"]
[PlyCount "77"]
[EventDate "2020.10.04"]
[EventType "swiss"]
[Tiebreak "Sum of Buchholz+Median1 Buchholz+Sonneborn-Berger (Swiss)"]

1. e4 e5 2. Nc3 Nf6 3. d3 Nc6 4. Nge2 d6 5. g3 Be6 6. Bg2 Be7 7. O-O O-O 8. f4
exf4 9. gxf4 Bg4 10. h3 Bxe2 11. Qxe2 Nd7 12. Kh1 Re8 13. Rg1 Bf8 14. f5 g6 15.
fxg6 fxg6 16. Be3 Bg7 17. d4 Kh8 18. Qd2 Nb6 19. Bg5 Qd7 20. Ne2 Rxe4 21. d5
Nd8 22. Nf4 Re5 23. h4 Nc4 24. Qf2 Nf7 25. Bh3 Qe8 26. Bf6 Re3 27. Bxg7+ Kxg7
28. Ne6+ Rxe6 29. dxe6 Nfe5 30. b3 Nb6 31. Raf1 Qe7 32. h5 g5 33. Rxg5+ Qxg5
34. Rg1 Qxg1+ 35. Qxg1+ Kf8 36. h6 Nd5 37. Qg7+ Ke8 38. Qg8+ Ke7 39. Qxa8 1-0

[Event "XXVI Ogolnopolska Olimpiada Mlodziezy"]
[Site "Pulawy"]
[Date "2020.10.08"]
[Round "5.12"]
[White "Bialek, Alicja"]
[Black "Lajdamik, Anna"]
[Result "1-0"]
[WhiteElo "1457"]
[BlackElo "1292"]
[PlyCount "73"]
[EventDate "2020.10.04"]
[EventType "swiss"]
[Tiebreak "Sum of Buchholz+Median1 Buchholz+Sonneborn-Berger (Swiss)"]

1. e4 c6 2. Nc3 d5 3. Nf3 Bg4 4. h3 Bxf3 5. Qxf3 e6 6. d4 Qf6 7. Qxf6 Nxf6 8.
e5 Nfd7 9. Bd3 a6 10. Ne2 c5 11. c3 Nc6 12. Be3 c4 13. Bc2 b5 14. Kd2 b4 15. f4
Be7 16. g4 Kd8 17. f5 Kc7 18. Nf4 exf5 19. Nxd5+ Kd8 20. Nxe7 Kxe7 21. gxf5
bxc3+ 22. bxc3 Rab8 23. Rab1 Nb6 24. Be4 Na5 25. d5 Nd7 26. d6+ Ke8 27. e6 Rd8
28. exd7+ Rxd7 29. Rb8+ Rd8 30. Rxd8+ Kxd8 31. Bb6+ Kd7 32. Bxa5 Re8 33. Re1
Rb8 34. Rb1 Re8 35. Ke3 f6 36. Rb7+ Kc8 37. d7# 1-0

[Event "XXVI Ogolnopolska Olimpiada Mlodziezy"]
[Site "Pulawy"]
[Date "2020.10.08"]
[Round "5.12"]
[White "Duda, Aleksandra"]
[Black "Popczynska, Maja"]
[Result "1-0"]
[WhiteElo "1046"]
[BlackElo "1339"]
[PlyCount "159"]
[EventDate "2020.10.04"]
[EventType "swiss"]
[Tiebreak "Sum of Buchholz+Median1 Buchholz+Sonneborn-Berger (Swiss)"]

1. e4 e6 2. Nf3 d5 3. e5 c5 4. b4 cxb4 5. a3 Nc6 6. axb4 Bxb4 7. c3 Bc5 8. d4
Bb6 9. Bd3 Nge7 10. Ba3 h6 11. O-O O-O 12. Bc2 Re8 13. Qd3 Ng6 14. Nbd2 Na5 15.
Rfb1 Bd7 16. h3 a6 17. Ra2 Bb5 18. Qe3 Nc4 19. Nxc4 Bxc4 20. Rab2 Bb5 21. Bd3
Bxd3 22. Qxd3 Ba5 23. Rxb7 Qc8 24. R7b3 Nf4 25. Qe3 Ng6 26. Bb4 Bxb4 27. Rxb4
Re7 28. Qd2 Rc7 29. R4b3 Rca7 30. Qa2 Qc7 31. Ra3 Qc8 32. Nd2 Ne7 33. c4 dxc4
34. Nxc4 Nd5 35. Nd6 Qc7 36. Qd2 Rb8 37. Rxb8+ Qxb8 38. Qa2 Nb4 39. Qb2 Nc6 40.
Rb3 Qc7 41. Rc3 Qb8 42. Qxb8+ Nxb8 43. Rc8+ Kh7 44. Rxb8 a5 45. Rb7 Rxb7 46.
Nxb7 a4 47. Nc5 a3 48. Nb3 Kg6 49. Kf1 Kf5 50. f3 Kf4 51. Kf2 f6 52. exf6 gxf6
53. g3+ Kf5 54. Ke3 a2 55. Kd3 h5 56. h4 Kg6 57. Kc2 f5 58. Kb2 f4 59. g4 hxg4
60. fxg4 f3 61. Kxa2 f2 62. Nd2 Kh6 63. Kb2 Kg6 64. Kc2 Kh6 65. Kd1 Kg6 66. Ke2
Kh6 67. Kxf2 Kg6 68. Kf3 Kh6 69. Kf4 Kg6 70. Ke5 Kf7 71. h5 Kg7 72. Kxe6 Kh6
73. d5 Kg7 74. Ke7 Kh6 75. d6 Kg7 76. d7 Kh7 77. d8=Q Kh6 78. Kf6 Kh7 79. Qe7+
Kg8 80. Qg7# 1-0

[Event "XXVI Ogolnopolska Olimpiada Mlodziezy"]
[Site "Pulawy"]
[Date "2020.10.08"]
[Round "5.12"]
[White "Malinowski, Szymon"]
[Black "Starosciak, Szymon"]
[Result "0-1"]
[WhiteElo "1740"]
[BlackElo "1926"]
[PlyCount "54"]
[EventDate "2020.10.04"]
[EventType "swiss"]
[Tiebreak "Sum of Buchholz+Median1 Buchholz+Sonneborn-Berger (Swiss)"]

1. d4 Nf6 2. Nf3 g6 3. Bg5 Bg7 4. Nbd2 O-O 5. c3 d5 6. e3 Nbd7 7. Bd3 c5 8. O-O
h6 9. Bh4 Qb6 10. Rb1 Re8 11. b4 cxd4 12. exd4 e5 13. dxe5 Nxe5 14. Nxe5 Rxe5
15. Nf3 Bg4 16. Bg3 Ree8 17. h3 Bxf3 18. Qxf3 Ne4 19. Bxe4 dxe4 20. Qf4 Be5 21.
Qh4 g5 22. Qg4 f5 23. Qxf5 Bxg3 24. Kh1 Bf4 25. g3 Be5 26. f4 exf3 27. Qxf3 Qc6
0-1

[Event "XXVI Ogolnopolska Olimpiada Mlodziezy"]
[Site "Pulawy"]
[Date "2020.10.08"]
[Round "5.12"]
[White "Olszewski, Antoni"]
[Black "Jaworski, Tymon"]
[Result "1-0"]
[WhiteElo "1412"]
[BlackElo "1580"]
[PlyCount "79"]
[EventDate "2020.10.04"]
[EventType "swiss"]
[Tiebreak "Sum of Buchholz+Median1 Buchholz+Sonneborn-Berger (Swiss)"]

1. e4 c5 2. Nf3 d6 3. d4 cxd4 4. Qxd4 Nc6 5. Bb5 a6 6. Bxc6+ bxc6 7. c4 e5 8.
Qd3 Qc7 9. O-O Nf6 10. Nc3 Be7 11. h3 O-O 12. Be3 Rb8 13. b3 Ne8 14. Nd2 f5 15.
f4 g6 16. Rac1 Ng7 17. Kh1 Nh5 18. Ne2 exf4 19. Bxf4 g5 20. Bh2 f4 21. Nd4 Bf6
22. Nf5 Bxf5 23. exf5 Be5 24. Nf3 h6 25. Rce1 Ng7 26. c5 Nxf5 27. cxd6 Bxd6 28.
Nd4 Nxd4 29. Qxd4 Rbe8 30. Qc4+ Kg7 31. Bg1 c5 32. b4 Rxe1 33. Rxe1 f3 34. Qc3+
Kg8 35. gxf3 cxb4 36. Qd3 Bf4 37. Bd4 Qf7 38. Re7 Qxe7 39. Qg6+ Qg7 40. Qxg7#
1-0